000 00311nam a2200085Ia 4500
008 220120s9999||||xx |||||||||||||| ||und||
100 _aAbhimanew, Shruthi Killer, Somanna and Suman
_912442
245 0 _aScale out network attached storage of inexpensive computers
260 _aCoorg Institute of Technology
_bPonnampet
999 _c138029
_d138029